| 000 | 00712cam a22002171 4500 | ||
|---|---|---|---|
| 001 | sa 67006585 | ||
| 003 | DLC | ||
| 005 | 20260227112409.0 | ||
| 008 | 840608s1967 ii s000 0 eng | ||
| 010 | _asa 67006585 | ||
| 035 | _a(OCoLC)21726221 | ||
| 040 |
_aDLC _cCU _dOCoLC _dDLC |
||
| 042 | _apremarc | ||
| 050 | 0 | 0 |
_aJQ620.M26 _bA584 1967 |
| 110 | 1 |
_aMaharashtra (India). _bLegislature. _bLegislative Council. |
|
| 245 | 1 | 0 | _aMaharahstra Legislative Council rules. |
| 250 | _a[4th ed.] | ||
| 260 |
_aBombay, _bDirector, Govt. Print. and Stationery, Maharashtra State, _c1967. |
||
| 300 |
_a6, xii, 172 p. _c19 cm. |
||
| 610 | 1 | 0 |
_aMaharashtra (India). _bLegislature. _bLegislative Council _xRules and practice. |
| 999 |
_c76056 _d76056 |
||